Wirawati
| Main Author: | |
|---|---|
| Format: | Book |
| Published: |
Kuala Lumpur :
DBP ,
1993
|
| Subjects: |
MARC
| LEADER | 00000cam a2200000 7i4500 | ||
|---|---|---|---|
| 001 | 0000006325 | ||
| 002 | 000006829 | ||
| 005 | 20000330.0 | ||
| 020 | |a 9836236376 | ||
| 090 | 0 | 0 | |a F |b SAM |
| 100 | 0 | |a Samoza | |
| 245 | 1 | 0 | |a Wirawati |c Samoza |
| 260 | |a Kuala Lumpur : |b DBP , |c 1993 | ||
| 300 | |a 171 p. ; |c 18 cm. | ||
| 650 | 0 | 0 | |a General fiction, Malay |
| 999 | |a 054070 |b BUKU |c FICTION |e PERPUSTAKAAN KOMUNITI CAW KOTA DAMANSARA | ||
| 999 | |a 054072 |b BUKU |c FICTION |e PERPUSTAKAAN KOMUNITI CAW KOTA DAMANSARA | ||